Stimulácia pracovníkov k výkonnosti a kvalite

Enregistré dans:
Détails bibliographiques
Format: Livre
Langue:slovaque
Publié: Bratislava Práca 1987
Édition:1. vyd.
Tags: Ajouter un tag
Pas de tags, Soyez le premier à ajouter un tag!

MARC

LEADER 00000nam a2200000 4500
001 c022721
005 20250117093851.6
041 0 |a slo 
044 |a SK 
245 1 0 |a Stimulácia pracovníkov k výkonnosti a kvalite  |c Zoltán Fusko 
250 |a 1. vyd. 
264 1 |a Bratislava  |b Práca  |c 1987 
300 |a 165 s.